Normal view
MARC view
- المفتي ، محمد محمد ؛ مراجعة منصور محمد البابور البابور
Entry Personal Name
001 - CONTROL NUMBER
- control field: 35639
003 - CONTROL NUMBER IDENTIFIER
- control field: JO-AjAnu
005 - DATE AND TIME OF LATEST TRANSACTION
- control field: 20230606075946.0
008 - FIXED-LENGTH DATA ELEMENTS
- fixed length control field: 230606|| aca||aabn | a|a d
040 ## - CATALOGING SOURCE
- Original cataloging agency: JO-AjAnu
- Transcribing agency: JO-AjAnu
100 ## - HEADING--PERSONAL NAME
- Personal name: المفتي ، محمد محمد ؛ مراجعة منصور محمد البابور البابور
670 ## - SOURCE DATA FOUND
- Source citation: Work cat.: (JO-AjAnu)18301: المفتي ، محمد محمد ؛ مراجعة منصور محمد البابور البابور, author, توطين العلم والتقنية الطموح والواقع